000
00255nam a22000977a 4500
999
_c
532226
_d
532226
082
_a
811.52
_b
GIB
100
_a
Jibran, Khalil,
245
_a
The greatest works of Khalil Jibran /
942
_2
ddc
_c
BK